<?xml version="1.0" encoding="UTF-8"?>
<collection xmlns="http://www.loc.gov/MARC21/slim">
 <record>
  <leader>02209nam a22005537i 4500</leader>
  <controlfield tag="001">000688586</controlfield>
  <controlfield tag="003">CZ-PrVSE</controlfield>
  <controlfield tag="005">20211125150939.0</controlfield>
  <controlfield tag="007">ta</controlfield>
  <controlfield tag="008">211025t20222022xxka   fr     001 0 eng d</controlfield>
  <datafield tag="020" ind1=" " ind2=" ">
   <subfield code="a">978-1-292-35912-0</subfield>
   <subfield code="q">(brožováno)</subfield>
  </datafield>
  <datafield tag="040" ind1=" " ind2=" ">
   <subfield code="a">ABA006</subfield>
   <subfield code="b">cze</subfield>
   <subfield code="c">ABA006</subfield>
   <subfield code="d">ABA006</subfield>
   <subfield code="e">rda</subfield>
  </datafield>
  <datafield tag="044" ind1=" " ind2=" ">
   <subfield code="a">xxk</subfield>
   <subfield code="a">xxu</subfield>
   <subfield code="a">xxc</subfield>
   <subfield code="a">at</subfield>
   <subfield code="a">ts</subfield>
   <subfield code="a">si</subfield>
   <subfield code="a">ch</subfield>
   <subfield code="a">ja</subfield>
   <subfield code="a">ko</subfield>
   <subfield code="a">ii</subfield>
   <subfield code="a">sa</subfield>
   <subfield code="a">bl</subfield>
   <subfield code="a">mx</subfield>
   <subfield code="a">sp</subfield>
   <subfield code="a">ne</subfield>
   <subfield code="a">gw</subfield>
   <subfield code="a">fr</subfield>
   <subfield code="a">it</subfield>
  </datafield>
  <datafield tag="072" ind1=" " ind2="7">
   <subfield code="a">33</subfield>
   <subfield code="x">Ekonomie</subfield>
   <subfield code="2">Konspekt</subfield>
   <subfield code="9">4</subfield>
  </datafield>
  <datafield tag="072" ind1=" " ind2="9">
   <subfield code="a">330</subfield>
   <subfield code="x">Economics</subfield>
   <subfield code="2">Conspectus</subfield>
   <subfield code="9">4</subfield>
  </datafield>
  <datafield tag="080" ind1=" " ind2=" ">
   <subfield code="a">330.101.542</subfield>
   <subfield code="2">MRF_2003</subfield>
  </datafield>
  <datafield tag="080" ind1=" " ind2=" ">
   <subfield code="a">330.342.146</subfield>
   <subfield code="2">MRF_2003</subfield>
  </datafield>
  <datafield tag="080" ind1=" " ind2=" ">
   <subfield code="a">339.13</subfield>
   <subfield code="2">MRF_2003</subfield>
  </datafield>
  <datafield tag="080" ind1=" " ind2=" ">
   <subfield code="a">366.1</subfield>
   <subfield code="2">MRF_2003</subfield>
  </datafield>
  <datafield tag="080" ind1=" " ind2=" ">
   <subfield code="a">330.101</subfield>
   <subfield code="2">MRF_2003</subfield>
  </datafield>
  <datafield tag="080" ind1=" " ind2=" ">
   <subfield code="a">(075)</subfield>
   <subfield code="2">MRF_2003</subfield>
  </datafield>
  <datafield tag="099" ind1=" " ind2="9">
   <subfield code="a">330.1PER</subfield>
  </datafield>
  <datafield tag="100" ind1="1" ind2=" ">
   <subfield code="a">Perloff, Jeffrey M.,</subfield>
   <subfield code="d">1950-</subfield>
   <subfield code="7">vse2009515564</subfield>
   <subfield code="4">aut</subfield>
  </datafield>
  <datafield tag="245" ind1="1" ind2="0">
   <subfield code="a">Microeconomics :</subfield>
   <subfield code="b">theory and applications with calculus /</subfield>
   <subfield code="c">Jeffrey M. Perloff</subfield>
  </datafield>
  <datafield tag="250" ind1=" " ind2=" ">
   <subfield code="a">Fifth edition</subfield>
  </datafield>
  <datafield tag="250" ind1=" " ind2=" ">
   <subfield code="a">Global edition</subfield>
  </datafield>
  <datafield tag="264" ind1=" " ind2="1">
   <subfield code="a">Harlow ;</subfield>
   <subfield code="a">London ;</subfield>
   <subfield code="a">New York ;</subfield>
   <subfield code="a">Boston ;</subfield>
   <subfield code="a">San Francisco ;</subfield>
   <subfield code="a">Toronto ;</subfield>
   <subfield code="a">Sydney ;</subfield>
   <subfield code="a">Dubai ;</subfield>
   <subfield code="a">Singapore ;</subfield>
   <subfield code="a">Hong Kong ;</subfield>
   <subfield code="a">Tokyo ;</subfield>
   <subfield code="a">Seoul ;</subfield>
   <subfield code="a">Taipei ;</subfield>
   <subfield code="a">New Delhi ;</subfield>
   <subfield code="a">Cape Town ;</subfield>
   <subfield code="a">São Paulo ;</subfield>
   <subfield code="a">Mexico City ;</subfield>
   <subfield code="a">Madrid ;</subfield>
   <subfield code="a">Amsterdam ;</subfield>
   <subfield code="a">Munich ;</subfield>
   <subfield code="a">Paris ;</subfield>
   <subfield code="a">Milan :</subfield>
   <subfield code="b">Pearson,</subfield>
   <subfield code="c">[2022]</subfield>
  </datafield>
  <datafield tag="264" ind1=" " ind2="4">
   <subfield code="c">©2022</subfield>
  </datafield>
  <datafield tag="300" ind1=" " ind2=" ">
   <subfield code="a">729, 110 stran :</subfield>
   <subfield code="b">ilustrace</subfield>
  </datafield>
  <datafield tag="336" ind1=" " ind2=" ">
   <subfield code="a">text</subfield>
   <subfield code="b">txt</subfield>
   <subfield code="2">rdacontent</subfield>
  </datafield>
  <datafield tag="337" ind1=" " ind2=" ">
   <subfield code="a">bez média</subfield>
   <subfield code="b">n</subfield>
   <subfield code="2">rdamedia</subfield>
  </datafield>
  <datafield tag="338" ind1=" " ind2=" ">
   <subfield code="a">svazek</subfield>
   <subfield code="b">nc</subfield>
   <subfield code="2">rdacarrier</subfield>
  </datafield>
  <datafield tag="504" ind1=" " ind2=" ">
   <subfield code="a">Obsahuje bibliografické odkazy a rejstřík</subfield>
  </datafield>
  <datafield tag="650" ind1="0" ind2="7">
   <subfield code="a">mikroekonomie</subfield>
   <subfield code="7">ph115305</subfield>
   <subfield code="2">czenas</subfield>
  </datafield>
  <datafield tag="650" ind1="0" ind2="7">
   <subfield code="a">ekonomie blahobytu</subfield>
   <subfield code="7">ph119837</subfield>
   <subfield code="2">czenas</subfield>
  </datafield>
  <datafield tag="650" ind1="0" ind2="7">
   <subfield code="a">nabídka a poptávka</subfield>
   <subfield code="7">ph849401</subfield>
   <subfield code="2">czenas</subfield>
  </datafield>
  <datafield tag="650" ind1="0" ind2="7">
   <subfield code="a">spotřebitelské chování</subfield>
   <subfield code="7">ph125966</subfield>
   <subfield code="2">czenas</subfield>
  </datafield>
  <datafield tag="650" ind1="0" ind2="7">
   <subfield code="a">asymetrické informace</subfield>
   <subfield code="7">ph556252</subfield>
   <subfield code="2">czenas</subfield>
  </datafield>
  <datafield tag="655" ind1=" " ind2="7">
   <subfield code="a">učebnice</subfield>
   <subfield code="7">fd133770</subfield>
   <subfield code="2">czenas</subfield>
  </datafield>
  <datafield tag="650" ind1="0" ind2="9">
   <subfield code="a">microeconomics</subfield>
   <subfield code="2">eczenas</subfield>
  </datafield>
  <datafield tag="650" ind1="0" ind2="9">
   <subfield code="a">welfare economics</subfield>
   <subfield code="2">eczenas</subfield>
  </datafield>
  <datafield tag="650" ind1="0" ind2="9">
   <subfield code="a">supply and demand</subfield>
   <subfield code="2">eczenas</subfield>
  </datafield>
  <datafield tag="650" ind1="0" ind2="9">
   <subfield code="a">consumer behavior</subfield>
   <subfield code="2">eczenas</subfield>
  </datafield>
  <datafield tag="650" ind1="0" ind2="9">
   <subfield code="a">asymmetric information</subfield>
   <subfield code="2">eczenas</subfield>
  </datafield>
  <datafield tag="655" ind1=" " ind2="9">
   <subfield code="a">textbooks</subfield>
   <subfield code="2">eczenas</subfield>
  </datafield>
  <datafield tag="993" ind1=" " ind2=" ">
   <subfield code="a">009404721</subfield>
  </datafield>
  <datafield tag="996" ind1=" " ind2=" ">
   <subfield code="1">PSTUD</subfield>
   <subfield code="3">E52536</subfield>
   <subfield code="4">N:P</subfield>
   <subfield code="5">3142355287</subfield>
   <subfield code="8">20211025</subfield>
   <subfield code="9">330.1PER</subfield>
   <subfield code="f">81</subfield>
   <subfield code="g">56398</subfield>
   <subfield code="l">UEP01</subfield>
   <subfield code="m">BOOK</subfield>
   <subfield code="q">Studovna Žižkov</subfield>
   <subfield code="t">na 1 měsíc</subfield>
   <subfield code="u">UEP01</subfield>
   <subfield code="w">20211202</subfield>
  </datafield>
 </record>
</collection>
